Kempe’s engineers year-book For 1960 / (Record no. 3404)
[ view plain ]
| 000 -LEADER | |
|---|---|
| fixed length control field | 00629nac a22001811u 4500 |
| 010 ## - LIBRARY OF CONGRESS CONTROL NUMBER | |
| LC control number | 012092147 |
| 082 ## - DEWEY DECIMAL CLASSIFICATION NUMBER | |
| Classification number | 620 |
| Item number | P9421 |
| 090 ## - LOCALLY ASSIGNED LC-TYPE CALL NUMBER (OCLC); LOCAL CALL NUMBER (OCLC) | |
| -- | 3404 |
| -- | 3404 |
| 100 ## - MAIN ENTRY--PERSONAL NAME | |
| Personal name | Prockter, C.E.(editor) |
| 245 ## - TITLE STATEMENT | |
| Title | Kempe’s engineers year-book For 1960 / |
| Statement of responsibility, etc | Edited by C.E.Prockter, M, I.E.E, M.i.Mech .E. |
| 250 ## - EDITION STATEMENT | |
| Edition statement | 65ed. |
| 260 ## - PUBLICATION, DISTRIBUTION, ETC. (IMPRINT) | |
| Place of publication, distribution, etc | London: |
| Name of publisher, distributor, etc | Morgan Brothers , C.1960. |
| Date of publication, distribution, etc | C.1960. |
| 300 ## - PHYSICAL DESCRIPTION | |
| Extent | V2.: |
| Other physical details | ill; |
| Dimensions | 15cm. |
| 500 ## - GENERAL NOTE | |
| General note | Donations . |
| 500 ## - GENERAL NOTE | |
| General note | Donations - bibliotheca Alexandrina. |
| 942 ## - ADDED ENTRY ELEMENTS (KOHA) | |
| Item type | NB - Book (Non borrowing) |
| Call number prefix | 620P9421 |
| Withdrawn status | Item status | Source of classification or shelving scheme | Damaged status | Not for loan | Home library | Current library | Shelving location | Date acquired | Source of acquisition | Total Checkouts | Full call number | Barcode | Date last seen | Koha item type |
|---|---|---|---|---|---|---|---|---|---|---|---|---|---|---|
| Dewey Decimal Classification | Central Library | Central Library | First floor | 07/04/2010 | Purchase | 620 PRO | 000030343 | 15/07/2025 | NB - Book (Non borrowing) |